000 00450nam a22001697a 4500
999 _c160072
_d160072
005 20190114145930.0
010 _aB-222228
020 _a8126021772
_c80.00
035 _aB-222228
037 _bSahitya Akademi
082 _aS
100 _aNarang, Gopi Chand
245 _aKrishan Chander:
_bselected short stories /
_cGopi Chand Narang
260 _aNew Delhi
_bSahitya Akademi
_c1990
300 _a263p.
_c22cm(hbk)
942 _2ddc
_cGR
_hS
_mKRI